Sports Quiz

Random Sports or World Cup Quiz
Score 0/67 Timer 07:00
23 Plays Today
Event Team % Correct
Stanley Cup ChampionsN/A (Lockout)
97%
NBA ChampionsLos Angeles Lakers
94.5%
NBA ChampionsLos Angeles Lakers
94.5%
NBA ChampionsLos Angeles Lakers
94.5%
NBA ChampionsLos Angeles Lakers
94.5%
Super Bowl ChampionsNew England Patriots
93%
Super Bowl ChampionsNew England Patriots
93%
Super Bowl ChampionsNew England Patriots
93%
World Series ChampionsNew York Yankees
92.6%
World Series ChampionsNew York Yankees
92.6%
World Series ChampionsBoston Red Sox
89.8%
World Series ChampionsBoston Red Sox
89.8%
Most Olympic MedalsUnited States of America
87.6%
Most Olympic MedalsUnited States of America
87.6%
Most Olympic MedalsUnited States of America
87.6%
Super Bowl ChampionsNew York Giants
87%
NBA ChampionsMiami Heat
87%
NBA ChampionsSan Antonio Spurs
86.3%
NBA ChampionsSan Antonio Spurs
86.3%
NBA ChampionsSan Antonio Spurs
86.3%
NBA ChampionsBoston Celtics
84.4%
Super Bowl ChampionsPittsburgh Steelers
81.7%
Super Bowl ChampionsPittsburgh Steelers
81.7%
NCAA DI Basketball ChampionsDuke Blue Devils
79.9%
FIFA World Cup ChampionsBrazil
76.4%
World Series ChampionsSt. Louis Cardinals
75.9%
NCAA DI FBS ChampionsAlabama Crimson Tide
74.6%
Stanley Cup ChampionsDetroit Red Wings
74.1%
Stanley Cup ChampionsDetroit Red Wings
74.1%
NBA ChampionsDetroit Pistons
73.4%
NCAA DI FBS ChampionsFlorida Gators
71.9%
NCAA DI FBS ChampionsFlorida Gators
71.9%
Super Bowl ChampionsIndianapolis Colts
71.8%
NCAA DI Basketball ChampionsFlorida Gators
71.7%
Event Team % Correct
NCAA DI Basketball ChampionsFlorida Gators
71.7%
NCAA DI Basketball ChampionsNorth Carolina Tar Heels
71.6%
NCAA DI Basketball ChampionsNorth Carolina Tar Heels
71.6%
World Series ChampionsChicago White Sox
70.7%
Super Bowl ChampionsBaltimore Ravens
70.2%
Most Olympic MedalsGermany
70%
Most Olympic MedalsGermany
70%
FIFA World Cup ChampionsItaly
68.6%
Stanley Cup ChampionsPittsburgh Penguins
68.5%
World Series ChampionsFlorida Marlins
67.6%
NCAA DI FBS ChampionsMiami Hurricanes
66.6%
Super Bowl ChampionsNew Orleans Saints
65.4%
NCAA DI FBS ChampionsLSU Tigers
65%
NCAA DI FBS ChampionsLSU Tigers
65%
World Series ChampionsArizona Diamondbacks
64.3%
NCAA DI FBS ChampionsOhio State Buckeyes
63.3%
NCAA DI FBS ChampionsUSC Trojans (Vacated)
63%
NCAA DI FBS ChampionsTexas Longhorns
62.2%
Super Bowl ChampionsTampa Bay Buccaneers
61.3%
World Series ChampionsPhiladelphia Phillies
61.2%
World Series ChampionsAnaheim Angels
58.7%
NCAA DI Basketball ChampionsKansas Jayhawks
54.8%
Stanley Cup ChampionsColorado Avalanche
51.6%
Stanley Cup ChampionsNew Jersey Devils
50.9%
Stanley Cup ChampionsNew Jersey Devils
50.9%
NCAA DI Basketball ChampionsConnecticut Huskies
50.6%
NCAA DI Basketball ChampionsMichigan State Spartans
50.2%
Stanley Cup ChampionsAnaheim Ducks
50%
NCAA DI FBS ChampionsOklahoma Sooners
49.3%
Stanley Cup ChampionsTampa Bay Lightning
47.5%
NCAA DI Basketball ChampionsSyracuse Orange
44%
Stanley Cup ChampionsCarolina Hurricanes
43.9%
NCAA DI Basketball ChampionsMaryland Terrapins
33.2%
Remove Ads.
Support Sporcle.
Get the best of Sporcle when you Go Orange. This ad-free experience offers more features, more stats, and more fun while also helping to support Sporcle. Thank you for becoming a member.

You're not logged in!

Compare scores with friends on all Sporcle quizzes.
OR
Log In

Sporcle TV

Today on Sporcle TV


Watch our educational content, quiz creation guides, and fun videos on Sporcle TV.

Show Comments

Extras

Top Quizzes Today


Score Distribution

Paid Content

Your Account Isn't Verified!

In order to create a playlist on Sporcle, you need to verify the email address you used during registration. Go to your Sporcle Settings to finish the process.

Report this User

Report this user for behavior that violates our Community Guidelines.

Details: